LEADER 01086nas 2200373 c 450 001 9910893495103321 005 20260218112304.0 011 $a2094-9278 035 $a(CKB)5280000000194366 035 $a(DE-101)1124013822 035 $a(DE-599)ZDB2881489-7 035 $a(DE-599)2881489-7 035 $a(EXLCZ)995280000000194366 100 $a20170124a19899999 |y | 101 0 $aeng 135 $aur||||||||||| 181 $ctxt$2rdacontent 182 $cc$2rdamedia 183 $acr$2rdacarrier 200 00$aActa medica Philippina$ethe journal of the College of Medicine and the Institute of Hygiene, University of the Philippines 210 31$aManila$cUniversity of the Philippines$d[1989?]- 215 $aOnline-Ressource 300 $aGesehen am 24.06.2020 517 $aActa Medica Philippina 531 00$aActa Med. Philipp. 608 $aZeitschrift$2gnd-content 676 $a610 801 0$b0355 801 1$bDE-101 801 2$b9001 906 $aJOURNAL 912 $a9910893495103321 996 $aActa medica Philippina$94163320 997 $aUNINA LEADER 04377nam 22008295 450 001 9910887804703321 005 20260306131111.0 010 $a9783031687228 010 $a3031687221 024 7 $a10.1007/978-3-031-68722-8 035 $a(MiAaPQ)EBC31683509 035 $a(Au-PeEL)EBL31683509 035 $a(CKB)36129015600041 035 $a(MiAaPQ)EBC31685105 035 $a(Au-PeEL)EBL31685105 035 $a(OCoLC)1457081244 035 $a(DE-He213)978-3-031-68722-8 035 $a(EXLCZ)9936129015600041 100 $a20240920d2024 u| 0 101 0 $aeng 135 $aurcnu|||||||| 181 $ctxt$2rdacontent 182 $cc$2rdamedia 183 $acr$2rdacarrier 200 10$aPatient Safety Coaching $eTransforming Healthcare Culture /$fby Susanne Knowles 205 $a1st ed. 2024. 210 1$aCham :$cSpringer Nature Switzerland :$cImprint: Springer,$d2024. 215 $a1 online resource (270 pages) 311 08$a9783031687211 311 08$a3031687213 327 $aChapter 1 Introduction -- Chapter 2 The future of healthcare -- Chapter 3 Adverse events in healthcare -- Chapter 4 Patient Safety Coaching in healthcare -- Chapter 5 Coaching to increase leader capability -- Chapter 6 Coaching for staff wellbeing -- Chapter 7 Coaching to develop a Patient Safety Culture -- Chapter 8 Measuring a Patient Safety Culture -- Chapter 9 Governance in healthcare. 330 $aThis book argues that patient safety is the cornerstone of high-quality healthcare, and that we need to highlight the positive impact of a Safety-11 approach to risk management to improve the quality of patient services and care. Moreover, the author emphasizes the importance of upskilling leaders with coaching capability within the healthcare facility so that decisions can be made quickly to prevent adverse events. In light of this, this book aims to equip clinical leaders across all levels and in all areas of healthcare organizations with the knowledge and skills to develop a patient safety culture in their team and organization based on evidence-based contemporary research into patient safety practices. The author also proposes strengthening leader capability by outlining how they can create a psychologically safe working environment and adopt a coaching leadership style that promotes staff wellbeing and patient care. This book provides strategies for leaders so they can ensure staff wellbeing at work and a patient-centric approach to patient care. It outlines how clinical leaders can support team members to reduce their stress, better utilize their strengths, practice mindfulness, remain positive, and build resilience in the face of adversity, whilst also fostering a workplace culture of trust, support, and compassion. Lastly, this book aims to provide high-level executives and experienced clinical leaders with contemporary knowledge of governance issues and the best practice methods concerning patient safety as a quality improvement strategy. 606 $aPersonal coaching 606 $aPsychology, Industrial 606 $aCounseling 606 $aClinical health psychology 606 $aPublic health administration 606 $aMedical care 606 $aCoaching 606 $aOrganizational Psychology 606 $aCounseling Psychology 606 $aHealth Psychology 606 $aHealth Administration 606 $aHealth Care 606 $aErrors mèdics$2thub 606 $aSeguretat dels pacients$2thub 606 $aPolítica sanitària$2thub 608 $aLlibres electrònics$2thub 615 0$aPersonal coaching. 615 0$aPsychology, Industrial. 615 0$aCounseling. 615 0$aClinical health psychology. 615 0$aPublic health administration. 615 0$aMedical care. 615 14$aCoaching. 615 24$aOrganizational Psychology. 615 24$aCounseling Psychology. 615 24$aHealth Psychology. 615 24$aHealth Administration. 615 24$aHealth Care. 615 7$aErrors mèdics 615 7$aSeguretat dels pacients 615 7$aPolítica sanitària 676 $a610.289 700 $aKnowles$b Susanne$01075153 801 0$bMiAaPQ 801 1$bMiAaPQ 801 2$bMiAaPQ 906 $aBOOK 912 $a9910887804703321 996 $aPatient Safety Coaching$94254687 997 $aUNINA